ASEAN: La nueva frontera de Chile en el Asia

Guardat en:
Dades bibliogràfiques
Altres autors: Toloza Castillo, Cristián (Editor), Calvo Foxley, Sofía (Editor)
Format: Llibre
Idioma:anglès
espanyol
Publicat: Valparaíso, Chile Biblioteca del Congreso Nacional de Chile 2014
Matèries:
Etiquetes: Afegir etiqueta
Sense etiquetes, Sigues el primer a etiquetar aquest registre!

MARC

LEADER 00000nam a22000007a 4500
003 CL-VaPUC
005 20211020074422.0
008 200123b ||||| |||| 00| 0 eng d
999 |c 379595  |d 379593 
020 |a 9789567629244 
040 |c Pontificia Universidad Católica de Valparaíso 
041 0 |a spa 
082 |a 327.0959 TOL 2014 
100 1 |a Toloza Castillo, Cristián  |e editor  |9 611788 
245 1 0 |a ASEAN:  |b  La nueva frontera de Chile en el Asia 
260 3 |a Valparaíso, Chile  |b Biblioteca del Congreso Nacional de Chile  |c 2014 
300 |a 169 páginas 
583 |c 20200123  |k Daniel Castañeda 
650 0 0 |a Relaciones Internacionales  |9 255740 
650 0 0 |a Países en desarrollo  |9 259663 
650 0 0 |a Inversiones extranjeras  |9 255451 
700 |a Calvo Foxley, Sofía  |e editor  |9 611789 
942 |2 ddc  |c BK 
952 |0 0  |1 0  |2 ddc  |4 0  |6 327_095900000000000_TOL_2014  |7 0  |8 A  |9 500187  |a BIBGIM  |b BIBGIM  |d 2020-01-23  |i 5614848  |o 327.0959 TOL 2014  |p 5614848  |r 2025-01-15  |t 1  |w 2020-01-23  |y BK  |k ORI